[Event "POL-chT3 Dolnoslaskie 1718"]
[Site "Poland"]
[Date "2018.02.04"]
[Round "7.18"]
[White "Borowski, Przemyslaw"]
[Black "Pociejowski, Marek"]
[Result "1-0"]
[WhiteElo "1797"]
[BlackElo "1896"]
[PlyCount "119"]
[EventDate "2017.10.08"]
[EventType "team-tourn"]
[EventRounds "11"]
[EventCountry "POL"]
[SourceTitle "EXT 2019"]
[Source "ChessBase"]
[SourceDate "2018.10.10"]
[SourceVersion "1"]
[SourceVersionDate "2018.10.10"]
[SourceQuality "1"]

1. Nf3 d5 2. g3 Nf6 3. Bg2 c5 4. d3 Nc6 5. 0-0 e5 6. Nbd2 Be7 7. e4 0-0 8. Qe2 Bg4 9. c3 Qd7 10. exd5 Nxd5 11. h3 Bxh3 12. Nxe5 Nxe5 13. Qxe5 Rad8 14. Nf3 Bf6 15. Qh5 Bg4 16. Qh1 Rfe8 17. Ng5 Bxg5 18. Bxg5 f6 19. c4 Nb4 20. Bf4 Be2 21. Rfd1 Bxd1 22. Rxd1 Nc6 23. Be4 f5 24. Bd5+ Kh8 25. Qh5 g6 26. Qh4 Rf8 27. Bh6 Qd6 28. Bxf8 Qxf8 29. Re1 Rd7 30. Kg2 Ne7 31. Be6 Rxd3 32. Rh1 Qg7 33. Qf4 Rd8 34. b3 Qd4 35. Qh6 Qe4+ 36. f3 Rd2+ 37. Kh3 Qxe6 38. Qxd2 f4+ 39. g4 Qf6 40. Re1 Kg7 41. Qd7 Kf7 42. Qxb7 h5 43. Rxe7+ Qxe7 44. Qxe7+ Kxe7 45. gxh5 gxh5 46. Kh4 Kf6 47. Kxh5 Kf5 48. Kh4 a5 49. Kh5 Kf6 50. Kg4 Ke5 51. Kg5 Kd4 52. Kxf4 a4 53. bxa4 Kxc4 54. a5 Kb5 55. a6 Kxa6 56. Ke4 Kb5 57. Kd3 Kb4 58. Kc2 Ka3 59. f4 Kxa2 60. f5 1-0

[Event "POL-chT3 Dolnoslaskie 1718"]
[Site "Poland"]
[Date "2018.01.07"]
[Round "6.14"]
[White "Pociejowski, Marek"]
[Black "Dytman, Radoslaw"]
[Result "1-0"]
[WhiteElo "1896"]
[BlackElo "1681"]
[PlyCount "79"]
[EventDate "2017.10.08"]
[EventType "team-tourn"]
[EventRounds "11"]
[EventCountry "POL"]
[SourceTitle "EXT 2019"]
[Source "ChessBase"]
[SourceDate "2018.10.10"]
[SourceVersion "1"]
[SourceVersionDate "2018.10.10"]
[SourceQuality "1"]

1. d4 Nf6 2. c4 g6 3. Nc3 Bg7 4. e4 d6 5. f4 c5 6. d5 e6 7. Nf3 exd5 8. cxd5 0-0 9. Be2 Re8 10. e5 dxe5 11. fxe5 Ng4 12. Bg5 Qb6 13. 0-0 Nxe5 14. d6 Nxf3+ 15. Bxf3 Bd4+ 16. Kh1 Qxd6 17. Bd5 Bf5 18. Bxb7 Nc6 19. Bxa8 Rxa8 20. Bf4 Qd7 21. a3 c4 22. Qf3 Rd8 23. Rfe1 Na5 24. Be5 Nb3 25. Rad1 f6 26. Bxf6 Bg4 27. Rxd4 Nxd4 28. Qf2 Nb3 29. Bxd8 Qxd8 30. Qxa7 Bf5 31. Re7 g5 32. h3 Bg6 33. Qc7 Qf8 34. Qxc4+ Kh8 35. Re1 Nc5 36. Qd4+ Kg8 37. Qd5+ Kh8 38. Qe5+ Kg8 39. Nd5 Qf2 40. Nf6+ 1-0

[Event "POL-chT3 Dolnoslaskie 1718"]
[Site "Poland"]
[Date "2017.12.10"]
[Round "5.21"]
[White "Pociejowski, Marek"]
[Black "Kwiecinski, Marian"]
[Result "1-0"]
[WhiteElo "1896"]
[BlackElo "2177"]
[PlyCount "103"]
[EventDate "2017.10.08"]
[EventType "team-tourn"]
[EventRounds "11"]
[EventCountry "POL"]
[SourceTitle "EXT 2019"]
[Source "ChessBase"]
[SourceDate "2018.10.10"]
[SourceVersion "1"]
[SourceVersionDate "2018.10.10"]
[SourceQuality "1"]

1. d4 c5 2. dxc5 e6 3. Nc3 Bxc5 4. Ne4 Nf6 5. Nxc5 Qa5+ 6. c3 Qxc5 7. Nf3 Nc6 8. Bf4 d5 9. e3 0-0 10. Be2 Re8 11. h3 e5 12. Bh2 Bf5 13. Rc1 b5 14. a3 a6 15. 0-0 Rad8 16. Re1 Qb6 17. g4 Bg6 18. Qb3 Ne4 19. Rcd1 d4 20. exd4 exd4 21. cxd4 Nxd4 22. Nxd4 Rxd4 23. Qe3 Rxd1 24. Bxd1 Qxe3 25. Rxe3 Nf6 26. Rxe8+ Nxe8 27. Bf3 Nf6 28. Bb7 a5 29. f3 Bd3 30. Bf4 Bc4 31. Bd2 a4 32. Kf2 Nd5 33. f4 Kf8 34. Kf3 Ke7 35. Ke4 Kd6 36. Kd4 g6 37. f5 Bb3 38. Be1 gxf5 39. gxf5 Ne7 40. Bg3+ Kd7 41. Be4 Bc4 42. Kc5 Bf1 43. h4 f6 44. Bd6 Be2 45. Bxe7 Kxe7 46. Bc6 Bd3 47. Bxb5 Bxf5 48. Bxa4 Be4 49. Kd4 f5 50. Ke5 Kd8 51. Bb3 Ke7 52. Be6 1-0

[Event "Jastrzebia Gora Fianchetto op"]
[Site "Jastrzebia Gora"]
[Date "2014.??.??"]
[Round "3"]
[White "Krasowski, Slawomir"]
[Black "Pociejowski, Marek"]
[Result "1/2-1/2"]
[WhiteElo "2005"]
[BlackElo "1850"]
[PlyCount "39"]
[EventDate "2014.08.31"]
[EventType "swiss"]
[EventRounds "9"]
[EventCountry "POL"]
[SourceTitle "CBM 162 Extra"]
[Source "ChessBase"]
[SourceDate "2014.10.17"]
[SourceVersion "1"]
[SourceVersionDate "2014.10.17"]
[SourceQuality "1"]

1. e4 Nf6 2. Nc3 d5 3. exd5 Nxd5 4. d4 Nxc3 5. bxc3 c5 6. Nf3 e6 7. Bd3 Be7 8. 0-0 0-0 9. Bb2 Nc6 10. Ne5 Nxe5 11. dxe5 g6 12. Qe2 Qc7 13. c4 Bd7 14. Bc3 Bc6 15. Qg4 h5 16. Qf4 Kg7 17. Rae1 Qd8 18. Bd2 Rh8 19. Rd1 Qd4 20. Rfe1 1/2-1/2

[Event "Jastrzebia Gora Fianchetto op"]
[Site "Jastrzebia Gora"]
[Date "2014.??.??"]
[Round "6"]
[White "Pociejowski, Marek"]
[Black "Janocha, Jan"]
[Result "1-0"]
[WhiteElo "1850"]
[BlackElo "1794"]
[PlyCount "71"]
[EventDate "2014.08.31"]
[EventType "swiss"]
[EventRounds "9"]
[EventCountry "POL"]
[SourceTitle "CBM 162 Extra"]
[Source "ChessBase"]
[SourceDate "2014.10.17"]
[SourceVersion "1"]
[SourceVersionDate "2014.10.17"]
[SourceQuality "1"]

1. d4 e6 2. c4 b6 3. e4 Bb7 4. Bd3 Nf6 5. Qe2 Be7 6. Nc3 d5 7. cxd5 exd5 8. e5 Nfd7 9. e6 Nf6 10. exf7+ Kxf7 11. Nf3 Bc8 12. Ne5+ Kg8 13. 0-0 c5 14. Be3 Bd6 15. f4 Nbd7 16. h3 cxd4 17. Bxd4 Nc5 18. Bc2 a5 19. Rfe1 Ne6 20. Nc6 Nxd4 21. Nxd4 Bc5 22. Rad1 Qd6 23. Qe5 Bb7 24. Kh1 Re8 25. Qxe8+ Nxe8 26. Rxe8+ Kf7 27. Rxh8 Qxf4 28. Nce2 Qf2 29. Bf5 Ba6 30. Bg4 Bxe2 31. Nxe2 d4 32. Rd8 g6 33. Rd7+ Kf6 34. a4 h5 35. Bf3 d3 36. R7xd3 1-0

[Event "Wroclaw Anderssen Memorial op 22nd"]
[Site "Wroclaw"]
[Date "2013.06.29"]
[Round "1"]
[White "Borkowski, Franciszek"]
[Black "Pociejowski, Marek"]
[Result "1-0"]
[WhiteElo "2325"]
[BlackElo "1856"]
[PlyCount "99"]
[EventDate "2013.06.29"]
[EventType "swiss (rapid)"]
[EventRounds "9"]
[EventCountry "POL"]
[SourceTitle "CBM 155 Extra"]
[Source "ChessBase"]
[SourceDate "2013.08.26"]
[SourceVersion "1"]
[SourceVersionDate "2013.08.26"]
[SourceQuality "1"]

1. e4 Nf6 2. e5 Nd5 3. d4 d6 4. Nf3 Bf5 5. c4 Nb6 6. Nc3 e6 7. Be3 Be7 8. Be2 0-0 9. 0-0 f6 10. exd6 cxd6 11. Nh4 Bg6 12. Nxg6 hxg6 13. b3 e5 14. Bf3 Qc8 15. Nd5 Bd8 16. dxe5 dxe5 17. Nxb6 Bxb6 18. Bxb6 axb6 19. Bd5+ Rf7 20. Bxf7+ Kxf7 21. Qd5+ Kf8 22. Rfe1 Nc6 23. Re3 Nd4 24. Rh3 Ke7 25. Re1 Qd7 26. Qxd7+ Kxd7 27. a4 g5 28. Rh7 Rg8 29. b4 Kc6 30. f3 Nc2 31. Rb1 Nd4 32. Kf2 Ne6 33. g3 Kc7 34. Ke3 f5 35. Rd1 f4+ 36. Ke4 Nd4 37. Kxe5 Nxf3+ 38. Ke4 g4 39. Kxf4 Rf8+ 40. Kxg4 Ne5+ 41. Kh3 Rf7 42. Rd5 Nxc4 43. Rg5 Nb2 44. Rhxg7 Rxg7 45. Rxg7+ Kc6 46. b5+ Kc5 47. Rg4 Nd3 48. Kg2 Ne5 49. Rg5 Kd4 50. Rxe5 1-0

[Event "Wroclaw Anderssen Memorial op 22nd"]
[Site "Wroclaw"]
[Date "2013.06.29"]
[Round "9"]
[White "Zawadzka, Jolanta"]
[Black "Pociejowski, Marek"]
[Result "1-0"]
[WhiteElo "2391"]
[BlackElo "1856"]
[PlyCount "103"]
[EventDate "2013.06.29"]
[EventType "swiss (rapid)"]
[EventRounds "9"]
[EventCountry "POL"]
[SourceTitle "CBM 155 Extra"]
[Source "ChessBase"]
[SourceDate "2013.08.26"]
[SourceVersion "1"]
[SourceVersionDate "2013.08.26"]
[SourceQuality "1"]

1. e4 Nf6 2. e5 Nd5 3. d4 d6 4. c4 Nb6 5. exd6 exd6 6. Bd3 Be7 7. Nc3 0-0 8. Be3 Re8 9. Qc2 g6 10. Nge2 Nc6 11. a3 d5 12. c5 Nc4 13. Bxc4 dxc4 14. 0-0 Bf5 15. Qa4 Bd3 16. Rfe1 Bf6 17. Rad1 Bxd4 18. Nxd4 Nxd4 19. Bxd4 Rxe1+ 20. Rxe1 Qxd4 21. Qb5 b6 22. Qc6 Rd8 23. Qxc7 bxc5 24. Qxa7 Rd7 25. Qa8+ Rd8 26. Re8+ Rxe8 27. Qxe8+ Kg7 28. h3 Qd6 29. a4 Qf4 30. Qe1 Bf5 31. a5 Bc8 32. Ne4 Qe5 33. Qc3 Qxc3 34. bxc3 Bb7 35. Nxc5 Ba8 36. a6 Kf6 37. Nd7+ Ke6 38. Nb6 Bc6 39. a7 Kd6 40. a8Q Bxa8 41. Nxa8 Kc6 42. f3 Kb7 43. Kf2 Kxa8 44. Ke3 Kb7 45. Kd4 Kc6 46. Kxc4 f6 47. Kd4 Kd6 48. c4 h5 49. g4 hxg4 50. fxg4 f5 51. gxf5 gxf5 52. h4 1-0

[Event "POL-ch Amateur"]
[Site "Wroclaw"]
[Date "2013.??.??"]
[Round "2"]
[White "Guziewicz, Wojciech"]
[Black "Pociejowski, Marek"]
[Result "1-0"]
[WhiteElo "1955"]
[BlackElo "1856"]
[PlyCount "115"]
[EventDate "2013.06.??"]
[EventType "swiss"]
[EventRounds "9"]
[EventCountry "POL"]
[SourceTitle "EXT 2014"]
[Source "ChessBase"]
[SourceDate "2013.11.20"]
[SourceVersion "1"]
[SourceVersionDate "2013.11.20"]
[SourceQuality "1"]

1. e4 Nf6 2. Nc3 d5 3. e5 Nfd7 4. d4 e6 5. Nf3 c5 6. Bb5 Nc6 7. Bxc6 bxc6 8. 0-0 h6 9. Re1 Bb7 10. Ne2 cxd4 11. Qxd4 c5 12. Qg4 g5 13. Ng3 Be7 14. c3 Qc7 15. Qh5 Rg8 16. Qxh6 0-0-0 17. Qh7 Rdf8 18. h3 g4 19. hxg4 Rxg4 20. Bh6 Qd8 21. Bxf8 Qxf8 22. a3 Rg7 23. Qh6 Qg8 24. b4 Rg6 25. Qf4 Rg4 26. Qe3 Bf8 27. Rab1 Qg6 28. Qe2 c4 29. Rbd1 Bg7 30. Rd4 Rxg3 31. fxg3 Qxg3 32. Qe3 f6 33. Qf4 Qxf4 34. Rxf4 fxe5 35. Rf7 Bf6 36. Rxf6 Nxf6 37. Rxe5 Ne4 38. Rxe4 dxe4 39. Ne5 Bd5 40. g4 Kd8 41. Kf2 Ke7 42. Ke3 Kf6 43. Kf4 Ke7 44. g5 Kf8 45. Ke3 Ke7 46. Kd4 Kf8 47. Nxc4 Ke7 48. Ne5 Bb7 49. c4 a6 50. a4 a5 51. b5 Ba8 52. Nc6+ Kf7 53. Kxe4 Kg6 54. Ke5 Kxg5 55. Nxa5 Bf3 56. c5 Bd1 57. b6 Bxa4 58. b7 1-0

[Event "Polanica Zdroj op-D 48th"]
[Site "Polanica Zdroj"]
[Date "2012.08.26"]
[Round "9"]
[White "Pociejowski, Marek"]
[Black "Klucznik, Andre"]
[Result "0-1"]
[WhiteElo "1887"]
[BlackElo "1759"]
[PlyCount "104"]
[EventDate "2012.08.18"]
[EventType "swiss"]
[EventRounds "9"]
[EventCountry "POL"]
[SourceTitle "EXT 2014"]
[Source "ChessBase"]
[SourceDate "2013.11.20"]
[SourceVersion "1"]
[SourceVersionDate "2013.11.20"]
[SourceQuality "1"]

1. d4 d6 2. c4 Nf6 3. Nc3 g6 4. e4 Bg7 5. f4 0-0 6. Nf3 Re8 7. Bd3 e5 8. fxe5 dxe5 9. d5 Nxe4 10. Bxe4 f5 11. Bc2 e4 12. 0-0 exf3 13. Qxf3 Nd7 14. Bf4 Ne5 15. Bxe5 Rxe5 16. Rfe1 Qe7 17. Kf1 Bd7 18. Rxe5 Qxe5 19. Re1 Qxh2 20. Re7 Qh1+ 21. Ke2 Re8 22. Rxe8+ Bxe8 23. Nd1 Qh2 24. a4 Qe5+ 25. Kf1 c6 26. Bb3 cxd5 27. cxd5 Kf8 28. Nc3 a6 29. g4 Bd7 30. Bc2 Ke7 31. gxf5 Bxf5 32. Bxf5 Qxf5 33. Kf2 Qxf3+ 34. Kxf3 Kd6 35. Ke4 h5 36. Nd1 Be5 37. Ne3 b5 38. b3 h4 39. Ng4 h3 40. Nf2 h2 41. Nh1 g5 42. Kf5 Bf4 43. Ke4 Kc5 44. axb5 axb5 45. Nf2 Kb4 46. Kf5 Kxb3 47. d6 Bxd6 48. Kxg5 b4 49. Kg4 Kc2 50. Kf3 b3 51. Kg2 b2 52. Ne4 b1Q 0-1

[Event "Polanica Zdroj op-D 48th"]
[Site "Polanica Zdroj"]
[Date "2012.08.21"]
[Round "4"]
[White "Bielinski, Kazimierz"]
[Black "Pociejowski, Marek"]
[Result "1/2-1/2"]
[WhiteElo "1763"]
[BlackElo "1887"]
[PlyCount "119"]
[EventDate "2012.08.18"]
[EventType "swiss"]
[EventRounds "9"]
[EventCountry "POL"]
[SourceTitle "EXT 2014"]
[Source "ChessBase"]
[SourceDate "2013.11.20"]
[SourceVersion "1"]
[SourceVersionDate "2013.11.20"]
[SourceQuality "1"]

1. e4 Nf6 2. e5 Nd5 3. d4 d6 4. c4 Nb6 5. Nf3 Bf5 6. Bd3 Bxd3 7. Qxd3 Nc6 8. Bf4 e6 9. 0-0 Be7 10. Nc3 0-0 11. Rad1 dxe5 12. Nxe5 Nxe5 13. Bxe5 Nd7 14. Bf4 c6 15. Rfe1 Bg5 16. Re4 Bf6 17. a3 Rc8 18. b4 a5 19. c5 b5 20. Qg3 Bh4 21. Qh3 Re8 22. Re3 f5 23. Re2 g5 24. Bg3 Bxg3 25. Qxg3 Kf7 26. Qh3 Kg6 27. Rde1 Nf8 28. Qd3 h5 29. h3 g4 30. Re3 axb4 31. axb4 Qg5 32. Ne2 e5 33. dxe5 Rcd8 34. Qc3 Ne6 35. Rd3 f4 36. Nd4 gxh3 37. g3 Rxd4 38. Rxd4 Nxd4 39. Qxd4 fxg3 40. Qd3+ Kg7 41. Qxg3 Kg6 42. Kh2 Re6 43. Kxh3 Qxg3+ 44. Kxg3 Kf5 45. Kh4 Kg6 46. Rg1+ Kf5 47. Rg5+ Kf4 48. Rxh5 Rg6 49. Kh3 Rg1 50. Kh2 Rg6 51. f3 Kxf3 52. Rf5+ Kg4 53. Rf6 Kg5 54. Kg3 Rxf6 55. exf6 Kxf6 56. Kf4 Ke6 57. Ke4 Kf6 58. Kf4 Ke7 59. Ke5 Kf7 60. Kf5 1/2-1/2